Asian Countries with the Most Muslims - Statistics

General Stats
  • This quiz has been taken 774 times
    678 since last reset
  • The average score is 8 of 9
Answer Stats
# Country % % Correct
202.6 mil Pakistan 96.5
97%
82.5 mil Iran 99.4
93%
33.5 mil Saudi Arabia 98.2
92%
195 mil India 14.2
91%
229 mil Indonesia 87.2
91%
38.5 mil Iraq 95.7
89%
170 mil Bangladesh 90.4
80%
37 mil Afghanistan 99.7
78%
74.4 mil Turkey 99.5
77%
No matching quizzes found
Score Distribution
Percent of People with Each Score
Percentile by Number Answered
Your Score History
You have not taken this quiz since the last reset